02155cam a22002774a 450000100090000000300050000900500170001400800410003101000170007202000340008904000180012304200080014104300120014905000250016108200230018610000300020924501130023926000430035230000350039550400660043050511990049665000320169565000350172765100430176285600720180512249284Nust20180117090011.0001205s2001 maua b 001 0 eng  a 00068382  a026205065X (hc. : alk. paper) aDLCcDLCdDLC apcc ad------00aHC59.72.P6bE17 200100a338.9/009172/42211 aEasterly, William,d1957-14aThe elusive quest for growth :beconomists' adventures and misadventures in the tropics /cWilliam Easterly. aCambridge, Mass. :bMIT Press,cc2001. axiii, 342 p. :bill. ;c24 cm. aIncludes bibliographical references (p. [313]-333) and index.8 aMachine generated contents note: I Why Growth Matters 1 -- 1 To Help the Poor 5 -- Intermezzo: In Search of a River 16 -- II Panaceas That Failed 21 -- 2 Aid for Investment 25 -- Intermezzo: Parmila 45 -- 3 Solow's Surprise: Investment Is Not the Key to Growth 47 -- Intermezzo: Dry Cornstalks 70 -- 4 Educated for What? 71 -- Intermezzo: Without a Refuge 85 -- 5 Cash for Condoms? 87 -- Intermezzo: Tomb Paintings 99 -- 6 The Loans That Were, the Growth That Wasn't 101 -- Intermezzo: Leila's Story 121 -- 7 Forgive Us Our Debts 123 -- Intermezzo: Cardboard House 138 -- III People Respond to Incentives 141 -- 8 Tales of Increasing Returns: Leaks, Matches, and Traps 145 -- Intermezzo: War and Memory 170 -- 9 Creative Destruction: The Power of Technology 171 -- Intermezzo: Accident in Jamaica 193 -- 10 Under an Evil Star 195 -- Intermezzo: Favela Life 215 -- 11 Governments Can Kill Growth 217 -- Intermezzo: Florence and Veronica 240 -- 12 Corruption and Growth 241 -- Intermezzo: Discrimination in Palanpur 253 -- 13 Polarized Peoples 255 -- Intermezzo: Violent for Centuries 282 -- 14 Conclusion: The View from Lahore 285 -- Notes 293 -- References and Further Reading 313 -- Index 335. 0aPoorzDeveloping countries. 0aPovertyzDeveloping countries. 0aDeveloping countriesxEconomic policy.413Table of contentsuhttp://www.loc.gov/catdir/toc/fy02/00068382.html